¿Independencia de quién? - Estadísticas

Estadísticas generales
  • Esta prueba ha sido intentada 12.960 veces
  • La puntuación promedio es 16 de 24
Estadísticas de respuestas
Año País Independencia de % Correcto
1810 México España
99%
1776 Estados Unidos Gran Bretaña
99%
1822 Brasil Portugal
96%
1962 Argelia Francia
85%
1810 Argentina España
82%
1911 Mongolia China
75%
2011 Sudan del Sur Sudán
74%
1991 Estonia Unión Soviética
74%
1962 Jamaica Reino Unido
70%
1905 Noruega Suecia
70%
1991 Croacia Yugoslavia
70%
1960 Rep. Dem del Congo Bélgica
69%
1822 Grecia Imperio Otomano
66%
1944 Islandia Dinamarca
64%
1903 Panamá Colombia
61%
1960 Nigeria Reino Unido
60%
2002 Timor Oriental Indonesia
55%
1965 Singapur Malasia
55%
1993 Eritrea Etiopía
54%
1946 Filipinas Estados Unidos
53%
1945 Indonesia Países Bajos
50%
1975 Papua Nueva Guinea Australia
49%
1971 Bangladés Pakistán
42%
1962 Samoa Nueva Zelanda
37%
No se encontraron pruebas coincidentes
Distribución de puntuación
Porcentaje de gente con cada puntuación
Porcentaje por número respondido
Historial de tus puntuaciones
No has intentado esta prueba.